000 01586cam a2200217 4500
001 ##L133579
008 060519n2006 000 0 eng u
035 _a(Sirsi) u133579
041 0 _aeng
050 0 4 _a711.026 $2 18 Ball, Michael Allmendinger, Phil
110 1 _aUnited Kingdom
_bOffice of the Deputy Prime Minister
245 0 0 _aNew Horizons Research Programme
_brethinking the planning regulation of land and property markets
260 _aLondon
_bODPM
_c2006
520 _aExplores the relationship between development control and property development including house building, focusing on the development control aspects of spatial planning. It develops possible alternatives to the current system of development control: co-regulation whereby developers and planners agree an overriding code of practice in a designated locality; a positive planning approach of combined planning and permission, and a greater use of restrictive covenants in property titles, either for designated land or built structures, limiting in perpetuity what can be built or redeveloped. These substitutes for detailed planning permission could facilitate the control required by local communities while allowing developers greater freedom to meet market demands.
651 4 _aUnited Kingdom
_y
690 _aENVIRONMENTAL AND LAND CONSULTANCY-PLANNING AND DEVELOPMENT-DEVELOPMENT CONTROL
700 1 _aBall, Michael
700 1 _aAllmendinger, Phil
856 4 0 _uhttps://www.communities.gov.uk/index.asp?id=1164872
_zView the research free of charge at www.dclg.gov.uk...
942 _n0
999 _c105428
_d105428